<?xml version="1.0" encoding="UTF-8"?>
<record
    xmlns:xsi="http://www.w3.org/2001/XMLSchema-instance"
    xsi:schemaLocation="http://www.loc.gov/MARC21/slim http://www.loc.gov/standards/marcxml/schema/MARC21slim.xsd"
    xmlns="http://www.loc.gov/MARC21/slim">

  <leader>00709nam a22002415a 4500</leader>
  <controlfield tag="001">3295</controlfield>
  <controlfield tag="003">AR-ClEAG 6621</controlfield>
  <controlfield tag="005">20250603115945.0</controlfield>
  <controlfield tag="008">250603b1990    sp ao|||r|||| 001 0 spa d</controlfield>
  <datafield tag="040" ind1=" " ind2=" ">
    <subfield code="a">AR-ClEAG</subfield>
    <subfield code="b">spa</subfield>
    <subfield code="c">AR-ClEAG</subfield>
  </datafield>
  <datafield tag="041" ind1="1" ind2=" ">
    <subfield code="a">spa</subfield>
  </datafield>
  <datafield tag="080" ind1=" " ind2=" ">
    <subfield code="a">582.3</subfield>
  </datafield>
  <datafield tag="100" ind1="1" ind2=" ">
    <subfield code="a">Harvard-Duclos, Bernard</subfield>
    <subfield code="9">25</subfield>
  </datafield>
  <datafield tag="245" ind1="1" ind2="0">
    <subfield code="a">Las plantas forrajeras tropicales / </subfield>
    <subfield code="c">Bernard Harvard-Duclos</subfield>
  </datafield>
  <datafield tag="250" ind1=" " ind2=" ">
    <subfield code="a">1&#xAA; ed.</subfield>
  </datafield>
  <datafield tag="260" ind1=" " ind2=" ">
    <subfield code="a">Barcelona : </subfield>
    <subfield code="b">Blume, </subfield>
    <subfield code="c">1986.</subfield>
  </datafield>
  <datafield tag="300" ind1=" " ind2=" ">
    <subfield code="a">379 p. : </subfield>
    <subfield code="b">il. col., fot. col.; </subfield>
    <subfield code="c">24 x 16 cm.</subfield>
  </datafield>
  <datafield tag="653" ind1=" " ind2=" ">
    <subfield code="a">Plantas forrajeras</subfield>
  </datafield>
  <datafield tag="653" ind1=" " ind2=" ">
    <subfield code="a">Plantas forrajeras tropicales</subfield>
  </datafield>
  <datafield tag="653" ind1=" " ind2=" ">
    <subfield code="a">Gu&#xED;a pr&#xE1;ctica</subfield>
  </datafield>
  <datafield tag="942" ind1=" " ind2=" ">
    <subfield code="2">udc</subfield>
    <subfield code="c">BK</subfield>
  </datafield>
  <datafield tag="980" ind1=" " ind2=" ">
    <subfield code="6">3</subfield>
    <subfield code="a">Gerardo Ochoa</subfield>
    <subfield code="8">3</subfield>
    <subfield code="g">Gerardo Ochoa</subfield>
  </datafield>
  <datafield tag="999" ind1=" " ind2=" ">
    <subfield code="c">3295</subfield>
    <subfield code="d">3295</subfield>
  </datafield>
  <datafield tag="952" ind1=" " ind2=" ">
    <subfield code="0">0</subfield>
    <subfield code="1">0</subfield>
    <subfield code="2">udc</subfield>
    <subfield code="4">0</subfield>
    <subfield code="7">0</subfield>
    <subfield code="a">EAC</subfield>
    <subfield code="b">EAC</subfield>
    <subfield code="d">2025-06-03</subfield>
    <subfield code="i">6665</subfield>
    <subfield code="l">0</subfield>
    <subfield code="o">R-08-6665 582.3 H26</subfield>
    <subfield code="p">6665</subfield>
    <subfield code="r">2025-06-03 12:03:46</subfield>
    <subfield code="w">2025-06-03</subfield>
    <subfield code="y">BK</subfield>
  </datafield>
</record>
